00877nam a22002297a 4500999001900000005001700019010001500036020002600051035001400077037001300091082001100104100001800115245007900133260003400212270005700246300002500303500013500328700001900463700001600482942002500498952012400523 c157631d15763120180922130630.0 aENG-124025 c795.00a9788183821131 aEN-107557 bDBAD/PUB a270.61 aNilofer Ahmad aHuman rights in islam /cby Nilofer Ahmad; Majdood Ahmad [and] Nurin Ahmad aNew Delhic2014bLotus Press  bNew Delhia4263/3, Ansari Raod, Darya Ganj, e110002 axvii,284p.c21(pbk.) aIt includes Annexure 1 : Universla Islamic Declaration of Human Rights, Glossary of Arabic Terms, Abbreviations Used, Bibliography aMajdood Ahmad  aNurin Ahmad 2ddccENh270.61mNIL 001040718NFICaDBADbZLSd2018-09-22eDBAD/PUBg795.00l0o270.61 NILpEN-107557r2018-09-22 00:00:00t1v795.00yEN